[Event "Titled Tue 26th Aug Early"]
[Site "chess.com INT"]
[Date "2025.08.26"]
[Round "9"]
[White "Pontes, Luiz Felizola Lima"]
[Black "Fernandes, Rogerio Paulo Muller"]
[Result "0-1"]
[WhiteElo "1871"]
[BlackElo "2241"]
[WhiteFideId "44709919"]
[BlackFideId "2101599"]
[EventDate "2025.08.26"]

1. e4 e6 2. d4 d5 3. Nd2 c5 4. exd5 Qxd5 5. Ngf3 cxd4 6. Bc4 Qd6 7. O-O Nf6 8.
Nb3 Nc6 9. Nbxd4 Nxd4 10. Qxd4 Qxd4 11. Nxd4 a6 12. Bf4 Bd7 13. a4 O-O-O 14.
Rfd1 Be8 15. Nb3 Bc6 16. Na5 Rxd1+ 17. Rxd1 Bxa4 18. b3 Bd7 19. Bg5 Ne4 20. Bh4
b5 21. Be2 Nc3 22. Rd2 Nxe2+ 23. Rxe2 Bb4 24. Re5 Bxa5 25. Rc5+ Kb7 26. Bg3 Bb6
27. Rc3 Rc8 28. Rd3 Bc6 29. b4 Rd8 30. Bd6 Bc7 31. Bxc7 Rxd3 32. cxd3 Kxc7 33.
Kf1 Kd6 34. f3 Ke5 35. Ke2 Kd4 36. Kd2 e5 37. h3 h5 38. h4 Bd7 39. Kc2 Bf5 40.
Kc1 Bxd3 41. g4 hxg4 42. fxg4 Be2 43. h5 Bxg4 44. h6 gxh6 0-1

[Event "Titled Tue 26th Aug Early"]
[Site "chess.com INT"]
[Date "2025.08.26"]
[Round "9"]
[White "Weetik, Vjacheslav"]
[Black "Reprintsev, Alexander"]
[Result "1/2-1/2"]
[WhiteTitle "FM"]
[BlackTitle "IM"]
[WhiteElo "2423"]
[BlackElo "2256"]
[WhiteFideId "4153472"]
[BlackFideId "14100541"]
[EventDate "2025.08.26"]

1. Nf3 Nc6 2. d4 d5 3. g3 Bf5 4. c4 e6 5. Bg2 Nf6 6. O-O Be7 7. Nc3 O-O 8. Ne5
Rb8 9. Bf4 Ne4 10. cxd5 Nxc3 11. bxc3 exd5 12. Nxc6 bxc6 13. Qa4 Rb6 14. Qxa7
Bd6 15. Bxd6 Qxd6 16. Qa5 Rb2 17. c4 Rxe2 18. cxd5 cxd5 19. Qxd5 Qxd5 20. Bxd5
Rd8 21. Bf3 Rb2 22. a4 Rb6 23. a5 Ra6 24. Bb7 Ra7 25. a6 Bc8 26. Rfb1 Kf8 27.
Bxc8 Rxc8 28. Rb7 Rca8 29. Rc1 Rxa6 30. Rcxc7 Rf6 31. d5 Rd8 32. d6 g6 33. d7
Ke7 34. Kg2 Rd6 35. Kf3 R8xd7 36. Rxd7+ Rxd7 1/2-1/2

[Event "Titled Tue 26th Aug Early"]
[Site "chess.com INT"]
[Date "2025.08.26"]
[Round "9"]
[White "Zepeda Berlanga, Jan Enrique"]
[Black "Pertinez Soria, Juan Luis"]
[Result "0-1"]
[WhiteTitle "CM"]
[BlackTitle "CM"]
[WhiteElo "2003"]
[BlackElo "2125"]
[WhiteFideId "5132355"]
[BlackFideId "2225620"]
[EventDate "2025.08.26"]

1. e4 e6 2. d4 d5 3. Nc3 Nf6 4. e5 Nfd7 5. f4 c5 6. Be3 Nc6 7. Nf3 a6 8. Be2 b5
9. a3 c4 10. O-O Bb7 11. f5 Be7 12. fxe6 fxe6 13. Nd2 Qb6 14. Bh5+ g6 15. Bg4
Ncxe5 16. dxe5 Qxe3+ 17. Kh1 Nxe5 18. Bxe6 d4 19. Nd5 Bxd5 20. Bxd5 O-O-O 21.
Be6+ Kb8 22. a4 h5 23. axb5 axb5 24. Re1 Qg5 25. Qb1 Qxd2 26. Rxe5 Kc7 27. Ra7+
Kd6 28. Re1 Ra8 29. Rd7+ Kc6 30. Rd1 Qg5 31. R7xd4 Rhd8 32. Rxd8 Rxd8 33. Rxd8
Bxd8 34. Qf1 Qe5 35. Qf3+ Kd6 0-1

[Event "Titled Tue 26th Aug Early"]
[Site "chess.com INT"]
[Date "2025.08.26"]
[Round "9"]
[White "Rahman, Syed Mahfuzur"]
[Black "Murthy, Pappu"]
[Result "1-0"]
[WhiteTitle "FM"]
[WhiteElo "2127"]
[BlackElo "1836"]
[WhiteFideId "10200738"]
[BlackFideId "2013401"]
[EventDate "2025.08.26"]

1. d4 d5 2. c4 e6 3. Nc3 Nf6 4. Nf3 dxc4 5. e4 Bb4 6. e5 Nd5 7. Bd2 Nc6 8. Bxc4
O-O 9. O-O Nxc3 10. bxc3 Be7 11. Qc2 h6 12. Qe4 Bg5 13. Bxg5 hxg5 14. Bd3 g6 15.
Qg4 Bd7 16. Nxg5 Kg7 17. Ne4 Rh8 18. Nf6 Ne7 19. h4 Nf5 20. h5 Rh6 21. Rfd1 Bc6
22. Be4 Bxe4 23. Qxe4 c6 24. Rab1 Qe7 25. g4 Nh4 26. g5 1-0

[Event "Titled Tue 26th Aug Early"]
[Site "chess.com INT"]
[Date "2025.08.26"]
[Round "9"]
[White "Preobrazhenskaya, Diana"]
[Black "Pavlidou, Ekaterini"]
[Result "0-1"]
[WhiteTitle "WFM"]
[BlackTitle "WIM"]
[WhiteElo "2140"]
[BlackElo "2217"]
[WhiteFideId "34270566"]
[BlackFideId "4213262"]
[EventDate "2025.08.26"]

1. e4 c5 2. Nf3 Nc6 3. Bb5 Qc7 4. Bxc6 dxc6 5. O-O e5 6. d3 h6 7. a4 Bg4 8. h3
Be6 9. Be3 Nf6 10. Na3 Nd7 11. Nc4 Be7 12. Nfd2 g5 13. a5 h5 14. Nb3 g4 15. hxg4
hxg4 16. f4 f6 17. f5 Bxc4 18. dxc4 O-O-O 19. Qxg4 Rdg8 20. Qf3 Bf8 21. Kf2 Rh2
22. Rg1 Nb8 23. Nxc5 Bxc5 24. Bxc5 Na6 25. Bxa7 c5 26. Bb6 Qh7 27. Rad1 Nc7 28.
Rd6 Qh4+ 29. Ke2 Rg3 30. Qf2 Qxe4+ 31. Kf1 Qxc4+ 32. Ke1 Qe4+ 33. Kd1 Rgxg2 34.
Rxg2 Rxg2 35. Qf1 Qxc2+ 36. Ke1 Qc1+ 37. Rd1 Qe3+ 38. Qe2 Qxe2# 0-1

[Event "Titled Tue 26th Aug Early"]
[Site "chess.com INT"]
[Date "2025.08.26"]
[Round "9"]
[White "Gonzalez Aguirre, Luis"]
[Black "Alazmi, Amani"]
[Result "0-1"]
[WhiteTitle "CM"]
[BlackTitle "WCM"]
[WhiteElo "2015"]
[BlackElo "1745"]
[WhiteFideId "2202000"]
[BlackFideId "10303553"]
[EventDate "2025.08.26"]

1. c4 e5 2. g3 c6 3. Nf3 e4 4. Nd4 d5 5. cxd5 cxd5 6. Bg2 Nf6 7. Nc3 Bc5 8. Nb3
Bb6 9. d3 Ng4 10. e3 Qf6 11. O-O h5 12. Nxd5 Qh6 13. Nxb6 axb6 14. f3 h4 15.
fxg4 hxg3 16. hxg3 Qh2+ 17. Kf2 Rh6 18. Qe2 Rh3 19. Ke1 Qxg3+ 20. Kd1 exd3 21.
Qf2 Bxg4+ 22. Kd2 Qc7 23. Bxh3 Qc2+ 24. Ke1 Qd1# 0-1

[Event "Titled Tue 26th Aug Early"]
[Site "chess.com INT"]
[Date "2025.08.26"]
[Round "9"]
[White "Babiarz, Arkadiusz"]
[Black "Vincenti, Leonardo"]
[Result "1-0"]
[WhiteTitle "CM"]
[BlackTitle "CM"]
[WhiteElo "2172"]
[BlackElo "2221"]
[WhiteFideId "21804362"]
[BlackFideId "28550820"]
[EventDate "2025.08.26"]

1. d4 Nf6 2. Nc3 d6 3. e4 e5 4. Nf3 Nbd7 5. g4 h6 6. Rg1 Be7 7. h4 c6 8. g5 hxg5
9. hxg5 Nh5 10. g6 f6 11. Bc4 Nb6 12. Bf7+ Kf8 13. dxe5 dxe5 14. Be3 Nf4 15.
Qxd8+ Bxd8 16. O-O-O Be7 17. Rh1 Nh5 18. Nh4 Bg4 19. f3 Ng3 20. Rh2 f5 21. fxg4
Rxh4 22. Rxh4 Bxh4 23. gxf5 Rb8 24. Rg1 Nc4 25. Bc5+ 1-0

[Event "Titled Tue 26th Aug Early"]
[Site "chess.com INT"]
[Date "2025.08.26"]
[Round "9"]
[White "Xiong, Jeffery"]
[Black "Mamedov, Edgar"]
[Result "1-0"]
[WhiteTitle "GM"]
[BlackTitle "GM"]
[WhiteElo "2650"]
[BlackElo "2490"]
[WhiteFideId "2047640"]
[BlackFideId "13739980"]
[EventDate "2025.08.26"]

1. e4 e5 2. Nf3 Nc6 3. Bc4 Nf6 4. d3 Be7 5. O-O O-O 6. Re1 d6 7. a4 Na5 8. Ba2
c5 9. Bd2 Nc6 10. Nc3 Bg4 11. h3 Bh5 12. Nd5 Nxd5 13. Bxd5 Kh8 14. g4 Bg6 15. c3
Qd7 16. a5 a6 17. Kh2 Bd8 18. Qa4 Qc8 19. d4 exd4 20. cxd4 Ne7 21. Bb3 Bc7 22.
d5 f6 23. Bf4 Be8 24. Qc4 Ng6 25. Bg3 Ne5 26. Qc3 Bb5 27. Nd2 Qd7 28. f4 Nd3 29.
Re3 Rae8 30. Rxd3 Bxd3 31. Qxd3 Qb5 32. Nc4 Re7 33. Ba4 1-0

[Event "Titled Tue 26th Aug Early"]
[Site "chess.com INT"]
[Date "2025.08.26"]
[Round "9"]
[White "Advaitt Srikant Koduri"]
[Black "Thet Naung"]
[Result "0-1"]
[WhiteTitle "FM"]
[BlackTitle "FM"]
[WhiteElo "2281"]
[BlackElo "2267"]
[WhiteFideId "25185454"]
[BlackFideId "13004093"]
[EventDate "2025.08.26"]

1. d4 Nf6 2. Nf3 d6 3. Bf4 Nbd7 4. h3 g6 5. e3 Bg7 6. Bc4 c6 7. a4 O-O 8. a5 Qe8
9. O-O e5 10. Bh2 e4 11. Nfd2 d5 12. Be2 Qe7 13. c4 Rd8 14. Nc3 Nf8 15. cxd5
cxd5 16. Nb5 Ne6 17. Rc1 Ng5 18. a6 Nxh3+ 19. gxh3 Bxh3 20. Rc7 Qe6 21. axb7
Rab8 22. Kh1 Bxf1 23. Qxf1 Qb6 24. Qa1 Rxb7 25. Rxb7 Qxb7 26. Qxa7 Qc8 27. Qc7
Qa8 28. Qa7 Qxa7 29. Nxa7 Ra8 30. Nc6 Ra2 31. Nf1 Rxb2 32. Ng3 h5 33. Bf1 Rxf2
34. Kg1 Rb2 35. Ne5 Bh6 0-1

[Event "Titled Tue 26th Aug Early"]
[Site "chess.com INT"]
[Date "2025.08.26"]
[Round "9"]
[White "Poleg, Matan"]
[Black "Dubnevych, Maksym"]
[Result "0-1"]
[WhiteTitle "FM"]
[BlackTitle "FM"]
[WhiteElo "2277"]
[BlackElo "2296"]
[WhiteFideId "2811472"]
[BlackFideId "14184001"]
[EventDate "2025.08.26"]

1. e4 e5 2. Nf3 Nc6 3. Bb5 a6 4. Ba4 Bc5 5. O-O Nge7 6. Nc3 O-O 7. d3 d6 8. a3
Ba7 9. Bb3 h6 10. h3 Ng6 11. Be3 Be6 12. Nd5 Kh8 13. Qd2 Kh7 14. Bxa7 Rxa7 15.
d4 Ra8 16. Rad1 Qc8 17. Ne3 Bxh3 18. d5 Nce7 19. gxh3 Qxh3 20. Nh2 f5 21. Nxf5
Nxf5 22. exf5 Rxf5 23. Kh1 Rf3 24. Rg1 Raf8 25. Rg2 Nh4 26. Rdg1 Nxg2 27. Rxg2
e4 28. Bc4 Kh8 29. Qe1 R3f4 30. Bf1 Qh4 31. Qe2 Rxf2 32. Rxf2 Rxf2 0-1

[Event "Titled Tue 26th Aug Early"]
[Site "chess.com INT"]
[Date "2025.08.26"]
[Round "9"]
[White "Yeung, Jason"]
[Black "Fikiet, Alex"]
[Result "0-1"]
[WhiteTitle "FM"]
[WhiteElo "2158"]
[BlackElo "2151"]
[WhiteFideId "8203970"]
[BlackFideId "2052717"]
[EventDate "2025.08.26"]

1. d4 d6 2. Nc3 Nf6 3. e4 g6 4. f4 Bg7 5. Nf3 O-O 6. Be2 c5 7. dxc5 Qa5 8. cxd6
Nxe4 9. dxe7 Re8 10. Bd2 Nxc3 11. bxc3 Nc6 12. O-O Rxe7 13. Kh1 Bf5 14. Bd3 Rd8
15. Nd4 Bxd3 16. cxd3 Nxd4 17. cxd4 Qd5 18. f5 Qxd4 19. Rb1 Qxd3 20. Qa4 Re4 21.
Bb4 Rf4 22. Rfd1 Rxb4 0-1

[Event "Titled Tue 26th Aug Early"]
[Site "chess.com INT"]
[Date "2025.08.26"]
[Round "9"]
[White "Salasan, Haran"]
[Black "Myagmarsuren, Evsuld"]
[Result "0-1"]
[WhiteTitle "CM"]
[BlackTitle "FM"]
[WhiteElo "2059"]
[BlackElo "2247"]
[WhiteFideId "3221253"]
[BlackFideId "1551639"]
[EventDate "2025.08.26"]

1. d4 Nf6 2. c4 c5 3. d5 e6 4. Nc3 exd5 5. cxd5 d6 6. e4 g6 7. Nf3 Bg7 8. Nd2
O-O 9. Be2 a6 10. a4 Nbd7 11. Nc4 Nb6 12. Nd2 Nbd7 13. Nc4 Ne8 14. a5 b5 15.
axb6 Nxb6 16. Na5 Bd7 17. O-O Nc7 18. Nb7 Qe7 19. Bf4 Be5 20. Bxe5 Qxe5 21. f4
Qf6 22. e5 dxe5 23. Ne4 Qg7 24. d6 Ne6 25. Nbxc5 Nxc5 26. Nxc5 exf4 27. Bf3 Rac8
28. b4 Nc4 29. Qb3 Nd2 30. Qa3 Nxf1 31. Rxf1 Bb5 32. Rd1 Rfd8 33. Bb7 Rb8 34.
Qa5 Qe5 35. Nxa6 Rxd6 0-1

[Event "Titled Tue 26th Aug Early"]
[Site "chess.com INT"]
[Date "2025.08.26"]
[Round "9"]
[White "Ganiev, Artur"]
[Black "Shangin, Lev"]
[Result "1-0"]
[WhiteElo "2247"]
[BlackElo "2186"]
[WhiteFideId "34391550"]
[BlackFideId "55681085"]
[EventDate "2025.08.26"]

1. e4 c5 2. d4 cxd4 3. Qxd4 Nc6 4. Qd3 g6 5. Nc3 Bg7 6. Nf3 d6 7. Be2 Nf6 8. O-O
O-O 9. Nd5 Be6 10. c3 Nd7 11. Bg5 h6 12. Bh4 a6 13. a4 Nc5 14. Qc2 f5 15. Nf4
Bf7 16. exf5 g5 17. b4 Nd7 18. Ne6 Bxe6 19. fxe6 Nde5 20. Nxe5 Nxe5 21. Bg3 Qc8
22. Bxe5 Bxe5 23. Qg6+ Bg7 24. Bd3 Rf6 25. Qh7+ Kf8 26. Rae1 Qxc3 27. Bg6 Qxb4
28. Bf7 Rxf7 29. exf7 Kxf7 30. Qf5+ Bf6 31. Qd5+ Kg7 32. a5 Rc8 33. Rb1 Qa3 34.
Rxb7 Rc5 35. Qe6 Re5 36. Qc8 Qxa5 37. Rb8 Qa2 38. Qh8+ Kg6 39. Rg8+ Kh5 40. Qh7
Re2 41. h3 Rxf2 42. Qg6+ Kh4 43. Qxh6+ Kg3 44. Rxg5+ 1-0

[Event "Titled Tue 26th Aug Early"]
[Site "chess.com INT"]
[Date "2025.08.26"]
[Round "9"]
[White "Hejazipour, Mitra"]
[Black "Shafer, Logan C"]
[Result "1-0"]
[WhiteTitle "WGM"]
[BlackTitle "CM"]
[WhiteElo "2329"]
[BlackElo "2234"]
[WhiteFideId "12505951"]
[BlackFideId "30993342"]
[EventDate "2025.08.26"]

1. e4 e6 2. d4 d5 3. Nc3 Nf6 4. e5 Ng8 5. f4 c5 6. Nf3 Nh6 7. Be3 Nf5 8. Bf2
cxd4 9. Nxd4 Nxd4 10. Bxd4 Nc6 11. Bb5 Bb4 12. O-O O-O 13. Bxc6 bxc6 14. Na4 Ba6
15. Rf2 Bb5 16. c3 Be7 17. Nc5 a5 18. a4 Ba6 19. b4 axb4 20. cxb4 Bc4 21. f5
exf5 22. Rxf5 g6 23. Rf2 Qc8 24. h3 Bxc5 25. Bxc5 Re8 26. Qf3 Qe6 27. Bd6 f5 28.
exf6 Kf7 29. Be7 d4 30. Qf4 Qe3 31. Qc7 Rac8 32. Qd7 Be6 33. Qb7 Rb8 34. Qxc6 d3
35. Bc5 Qe5 36. Rd1 Rbd8 37. a5 Bd5 38. Qb5 Re6 39. Be7 Rd7 40. Qxd7 Bc6 41. Qd8
Be8 42. Rxd3 Qe1+ 43. Kh2 Qxf2 44. Qxe8+ Kxe8 45. Rd8+ Kf7 46. Rf8# 1-0

[Event "Titled Tue 26th Aug Early"]
[Site "chess.com INT"]
[Date "2025.08.26"]
[Round "9"]
[White "Pica, Eleni"]
[Black "Garcia Correa, Jose Ricardo"]
[Result "0-1"]
[WhiteTitle "WCM"]
[BlackTitle "FM"]
[WhiteElo "1743"]
[BlackElo "2103"]
[WhiteFideId "5910005"]
[BlackFideId "5101832"]
[EventDate "2025.08.26"]

1. d4 Nf6 2. c4 e6 3. Nc3 c5 4. d5 exd5 5. cxd5 d6 6. Nf3 g6 7. Nd2 Bg7 8. Nc4
O-O 9. Bf4 Ne8 10. e4 f5 11. Qd2 fxe4 12. Nxe4 b5 13. Ncxd6 Nxd6 14. Nxd6 Bg4
15. f3 Bd7 16. Bd3 c4 17. Bc2 Qf6 18. Bg3 a6 19. O-O Qxb2 20. Rab1 Qd4+ 21. Qxd4
Bxd4+ 22. Bf2 Be5 23. Ne4 Bf5 24. Bg3 Bd4+ 25. Bf2 Bxe4 26. Bxe4 Bxf2+ 27. Rxf2
Nd7 28. Rd2 Rac8 29. Rc1 c3 30. Rd3 b4 31. Rd4 a5 32. a3 Rb8 33. axb4 axb4 34.
d6 Kg7 35. Rc4 Kf6 36. Rc7 Ke6 37. Bc6 Kxd6 38. Rxd7+ Kxc6 39. Rxh7 Rfc8 40. Rg7
Kc5 41. Rxg6 Kc4 42. Rg4+ Kb3 43. h4 Kb2 44. Rf1 c2 45. h5 b3 0-1

[Event "Titled Tue 26th Aug Early"]
[Site "chess.com INT"]
[Date "2025.08.26"]
[Round "9"]
[White "Oleksiyenko, Mykhaylo"]
[Black "Belov, Alexei"]
[Result "0-1"]
[WhiteTitle "GM"]
[BlackTitle "IM"]
[WhiteElo "2569"]
[BlackElo "2421"]
[WhiteFideId "4152417"]
[BlackFideId "4128206"]
[EventDate "2025.08.26"]

1. e4 e6 2. d4 d5 3. Nd2 Nf6 4. e5 Nfd7 5. c3 c5 6. Bd3 Nc6 7. Ne2 f6 8. Nf4 Qe7
9. Nf3 cxd4 10. cxd4 fxe5 11. dxe5 Ndxe5 12. O-O Nxd3 13. Qxd3 Qf6 14. Re1 Be7
15. Ng5 Qd4 16. Ngxe6 Qxd3 17. Nxd3 Bxe6 18. Rxe6 Kd7 19. Re1 Bf6 20. Bf4 b6 21.
Rad1 Rhe8 22. b3 Rxe1+ 23. Nxe1 Re8 24. Rxd5+ Kc8 25. Kf1 Nb4 26. Rd2 Bc3 27.
Re2 Rxe2 28. Kxe2 Bxe1 29. Be5 Bxf2 30. Bxg7 Bg1 31. a3 Nd5 32. h3 Kd7 33. Kf3
Ke6 34. Ke4 a5 35. g4 Bc5 36. h4 Bxa3 0-1

[Event "Titled Tue 26th Aug Early"]
[Site "chess.com INT"]
[Date "2025.08.26"]
[Round "9"]
[White "Lai, Duc Minh"]
[Black "Dicen, Elis Denele"]
[Result "1-0"]
[BlackTitle "WFM"]
[WhiteElo "2121"]
[BlackElo "2069"]
[WhiteFideId "12420387"]
[BlackFideId "462560"]
[EventDate "2025.08.26"]

1. e4 c6 2. d4 d5 3. exd5 cxd5 4. Bd3 Nc6 5. c3 Nf6 6. Bf4 Bg4 7. Qb3 Qd7 8. Nd2
e6 9. Ngf3 Bd6 10. Bxd6 Qxd6 11. O-O O-O 12. Rae1 Bxf3 13. Nxf3 Rab8 14. a4 a6
15. Ne5 Nd7 16. f4 f6 17. Nxd7 Qxd7 18. f5 e5 19. dxe5 fxe5 20. Be4 Rbd8 21. Rd1
Ne7 22. c4 d4 23. c5+ Nd5 24. Rd3 Kh8 25. Rh3 h6 26. f6 Nxf6 27. Qxb7 Nxe4 28.
Rxf8+ Kh7 29. Qxe4+ g6 30. Rxh6+ Kxh6 31. Qh4+ Kg7 32. Qf6+ Kh7 33. Qh8# 1-0

[Event "Titled Tue 26th Aug Early"]
[Site "chess.com INT"]
[Date "2025.08.26"]
[Round "9"]
[White "Atzl, Florian"]
[Black "Pribelszky, Bence"]
[Result "0-1"]
[WhiteTitle "CM"]
[BlackTitle "IM"]
[WhiteElo "2146"]
[BlackElo "2428"]
[WhiteFideId "1635891"]
[BlackFideId "769738"]
[EventDate "2025.08.26"]

1. e4 Nc6 2. d4 e5 3. d5 Nce7 4. c4 Ng6 5. Nc3 Bb4 6. Be2 Nf6 7. Qd3 Bxc3+ 8.
bxc3 d6 9. h4 h5 10. Bg5 Nf8 11. Nf3 N8d7 12. Rb1 Nc5 13. Qe3 Ncxe4 14. Bd1 Qd7
15. Rb4 a5 16. Ba4 axb4 17. Bxd7+ Bxd7 18. cxb4 Rxa2 19. O-O Ke7 20. c5 Nxg5 21.
Nxg5 Rha8 22. c6 bxc6 23. dxc6 R8a3 24. Qc1 Bf5 25. b5 Nd5 26. Kh1 f6 27. Nf3
Be4 28. Qc4 Ra4 29. Qb3 R2a3 30. Qb2 Rxf3 31. gxf3 Bxf3+ 0-1

[Event "Titled Tue 26th Aug Early"]
[Site "chess.com INT"]
[Date "2025.08.26"]
[Round "9"]
[White "Simonovic, Miroslav"]
[Black "Smieszek, Wojciech"]
[Result "0-1"]
[WhiteTitle "CM"]
[BlackTitle "CM"]
[WhiteElo "2092"]
[BlackElo "2141"]
[WhiteFideId "919152"]
[BlackFideId "1156047"]
[EventDate "2025.08.26"]

1. d4 Nf6 2. Bg5 c5 3. Bxf6 gxf6 4. c3 Bg7 5. g3 f5 6. e3 Nc6 7. Bg2 b6 8. d5
Ne5 9. d6 Ba6 10. Bf1 Bb7 11. f3 e6 12. Bg2 h5 13. Qd2 h4 14. f4 Bxg2 15. Qxg2
Ng4 16. e4 Ne3 17. Qe2 hxg3 18. Qxe3 g2 19. Qf3 gxh1=Q 20. Qxh1 Qh4+ 21. Kd1
Qxh2 22. Qxh2 Rxh2 23. Nd2 fxe4 24. Nxe4 Rxb2 25. Ne2 O-O-O 26. Nd2 Rh8 27. Kc1
Rxd2 28. Kxd2 Rh2 29. Rg1 Bxc3+ 30. Kxc3 Rxe2 31. Rg8+ Kb7 32. Rf8 Rxa2 33. Rxf7
Kc6 34. f5 exf5 35. Rxf5 Kxd6 36. Rf6+ Kd5 37. Rf7 d6 38. Rf5+ Kc6 39. Rf7 b5
40. Kb3 Rh2 41. Rf8 Rh3+ 42. Kb2 Kd5 43. Ra8 Kc4 44. Rxa7 b4 45. Rg7 Rh2+ 46.
Kc1 d5 47. Rg3 d4 48. Kb1 d3 49. Rg4+ Kc3 50. Rg1 c4 51. Rc1+ Kb3 52. Ka1 c3 53.
Rb1+ Ka3 54. Rg1 Ra2+ 55. Kb1 c2+ 56. Kc1 Ra1+ 57. Kd2 Rxg1 58. Kxd3 c1=Q 0-1

[Event "Titled Tue 26th Aug Early"]
[Site "chess.com INT"]
[Date "2025.08.26"]
[Round "9"]
[White "Jin, Ashton"]
[Black "Bologan, Victor"]
[Result "0-1"]
[BlackTitle "GM"]
[WhiteElo "2196"]
[BlackElo "2601"]
[WhiteFideId "30931908"]
[BlackFideId "13900048"]
[EventDate "2025.08.26"]

1. d4 d6 2. Nf3 Nf6 3. Bf4 g6 4. e3 Bg7 5. h3 O-O 6. Be2 Nc6 7. Bh2 Nd7 8. O-O
e5 9. c4 f5 10. Nc3 f4 11. exf4 exd4 12. Nd5 Nc5 13. Bg3 Bf5 14. Re1 d3 15. Bf1
Bxb2 16. Rb1 Bg7 17. Bh4 Qd7 18. g4 d2 19. Nxd2 Bxb1 20. Qxb1 Rae8 21. Bg2 Nd4
22. Ne3 Rxf4 23. Bg3 Rff8 24. Nb3 Ncxb3 25. axb3 c6 26. Qd3 Be5 27. Bh4 Qg7 28.
Rd1 g5 29. Bg3 Bxg3 30. fxg3 Qe5 31. Kh2 Qxe3 32. Qxd4 Qxd4 33. Rxd4 Rf6 34. Be4
Kg7 35. Bf5 h5 36. Kg2 hxg4 37. hxg4 Re3 38. b4 Kf7 39. c5 d5 40. Kf2 Rc3 41.
Kg2 Rc4 42. Rd2 Rxb4 43. Ra2 a6 44. Re2 Rb5 45. Bc8 a5 46. Re5 Rb2+ 0-1

[Event "Titled Tue 26th Aug Early"]
[Site "chess.com INT"]
[Date "2025.08.26"]
[Round "9"]
[White "Shevchenko, Yaroslav"]
[Black "Arslanov, Shamil"]
[Result "0-1"]
[BlackTitle "IM"]
[WhiteElo "2134"]
[BlackElo "2410"]
[WhiteFideId "34144684"]
[BlackFideId "4192826"]
[EventDate "2025.08.26"]

1. e4 e5 2. Nf3 d5 3. exd5 e4 4. Qe2 Nf6 5. Nc3 Be7 6. Nxe4 O-O 7. Nxf6+ Bxf6 8.
Qd3 Re8+ 9. Be2 Na6 10. c3 Nc5 11. Qc4 b6 12. b4 Ba6 13. b5 Bb7 14. Qg4 Nd3+ 15.
Kf1 Qxd5 16. h4 Re4 17. Qg3 Rae8 18. Bxd3 Qxd3+ 19. Kg1 h5 20. Kh2 Rg4 21. Qh3
Bxf3 22. Qxf3 Rxh4+ 0-1

[Event "Titled Tue 26th Aug Early"]
[Site "chess.com INT"]
[Date "2025.08.26"]
[Round "9"]
[White "Pandey, Srishti"]
[Black "Chen, Yidong"]
[Result "1-0"]
[WhiteTitle "WIM"]
[WhiteElo "2202"]
[BlackElo "2068"]
[WhiteFideId "35093290"]
[BlackFideId "8607028"]
[EventDate "2025.08.26"]

1. e4 c5 2. Nf3 d6 3. d4 cxd4 4. Nxd4 Nf6 5. Nc3 a6 6. Be3 e5 7. Nb3 Be6 8. f3
h5 9. Nd5 Bxd5 10. exd5 Nbd7 11. Qd2 a5 12. a4 g6 13. Bb5 Bg7 14. O-O-O O-O 15.
Kb1 Qc7 16. h3 Nb6 17. Qf2 Nbxd5 18. Bg5 Rac8 19. g4 Nb4 20. c3 Nbd5 21. gxh5 e4
22. Rhg1 Nxc3+ 23. bxc3 Qxc3 24. Ka2 Nxh5 25. Rc1 Qxf3 26. Qxf3 exf3 27. Be7
Rxc1 28. Rxc1 Ra8 29. Rf1 Rc8 30. Kb1 Rc3 31. Nd2 Bh6 32. Nxf3 Ng3 33. Bf6 Rb3+
34. Kc2 Ra3 35. Re1 Rxf3 36. Re8+ Bf8 37. Be7 1-0

[Event "Titled Tue 26th Aug Early"]
[Site "chess.com INT"]
[Date "2025.08.26"]
[Round "9"]
[White "Zampronha, Wladimir Camilo"]
[Black "Shearsby, Jude"]
[Result "1-0"]
[BlackTitle "CM"]
[WhiteElo "2157"]
[BlackElo "2270"]
[WhiteFideId "2103087"]
[BlackFideId "462527"]
[EventDate "2025.08.26"]

1. e4 a5 2. d4 h5 3. c4 h4 4. h3 a4 5. a3 c6 6. Nc3 d5 7. cxd5 cxd5 8. Nxd5 Nc6
9. Nf3 Nf6 10. Nc3 Qa5 11. d5 Nd8 12. Bb5+ Bd7 13. Bxd7+ Nxd7 14. O-O e5 15. Bg5
f6 16. Bxh4 g5 17. Bg3 g4 18. hxg4 Rh7 19. g5 Qa6 20. Qd2 Rh8 21. gxf6 Qxf6 22.
Qg5 Qf7 23. Nxe5 Qg7 24. Qxg7 Bxg7 25. Nxd7 Kxd7 26. e5 Ra6 27. e6+ Ke8 28. Rfe1
Ra5 29. Rad1 b5 30. f3 Bf6 31. d6 b4 32. axb4 Rah5 33. d7+ Kf8 34. Bd6+ Kg7 35.
e7 Nf7 36. e8=Q Rh1+ 37. Kf2 Bh4+ 38. Bg3 Rxe8 39. dxe8=Q Bxg3+ 40. Kxg3 Rh7 41.
Qxf7+ Kh6 42. Qxh7+ Kg5 43. Rd4 a3 44. Re5+ Kf6 45. Rf5+ Ke6 46. Qf7# 1-0

[Event "Titled Tue 26th Aug Early"]
[Site "chess.com INT"]
[Date "2025.08.26"]
[Round "9"]
[White "Gutman, Gennadi"]
[Black "Jasinski, Alexander"]
[Result "0-1"]
[WhiteTitle "GM"]
[WhiteElo "2445"]
[BlackElo "2063"]
[WhiteFideId "14102277"]
[BlackFideId "55627994"]
[EventDate "2025.08.26"]

1. e4 c5 2. Nf3 d6 3. c3 Nf6 4. Bc4 e6 5. Qe2 Nc6 6. O-O e5 7. Rd1 Be7 8. d4
cxd4 9. cxd4 exd4 10. Nxd4 Nxd4 11. Rxd4 O-O 12. Nc3 a6 13. a4 Qc7 14. h3 Be6
15. Be3 Rac8 16. Bxe6 fxe6 17. Rad1 Nd7 18. Qg4 Rf6 19. Rc1 Ne5 20. Qd1 Qa5 21.
b4 Qd8 22. Bg5 Nf3+ 23. gxf3 Rg6 24. f4 h6 25. Qh5 Qe8 26. h4 Rxg5+ 27. Qxg5
hxg5 28. hxg5 Qh5 29. e5 Qg4+ 30. Kf1 dxe5 31. Rd7 Bxb4 32. Rxb7 Bxc3 33. Rb3
Qh3+ 34. Kg1 exf4 35. g6 f3 0-1